000
00261nam a2200121Ia 4500
100
_a
Shukla M.C
942
_c
BK
654
_a
Advanced Accounts
245
_a
Advanced Accounts
260
_b
S.Chand & Co. Ltd.
_a
New Delhi
300
_a
1382
546
_a
ENGLISH
999
_c
28559
_d
28559